=LDR 00000nam 2200000 4500 =001 INLIS000000000049341 =005 20170210081946.0 =006 =007 =008 =020 ##$$a 978-979-3703-40-4 =035 ##$$0010-021700000000133 =040 ##$$a NBPDMAT =082 ##$$a 912.959 88 =090 ##$$aR.912.959 88 $bAch a =100 ##$$a Achmad Chaldun =245 ##$$a Atlas tematik provinsi Papua $b: Administrasi, Sosial Budaya, Transportasi dan Perdagangan - Sumber daya Alam $c/ Achmad Chaldun; Achmad Rusdi =250 ##$$a Cet. 1 =260 ##$$a Surabaya $b Karya Pembina Swajaya $c 2007 =300 ##$$a 98 hlm. : $b ilus. ; $c 31 cm =500 ##$$a Indeks hlm : 96 - 97 =650 ##$$a Atlas Papua =700 ##$$a Achmad Rusdi =850 ##$$a NBPDMAT =990 ##$$a 21606105 =990 ##$$a 21606106 =990 ##$$a 21606107 =990 ##$$a 21606108